000 00328nam a2200145Ia 4500
003 OSt
008 191201s2011 xx 000 0 und d
082 _a621.4022
_bKUH
100 _aKUMAR, D.S.
245 0 _aHeat & mass Transfer
260 _aNew Delhi
_bKatson
_c2011
300 _a862
650 _aB.Tech(ME)
942 _2ddc
_cBK
999 _c6424
_d6424